Every Teams Highest Rated Player Madden 25 - Statistics

General Stats
  • This quiz has been taken 176 times
  • The average score is 25 of 32
Answer Stats
Answer % Correct
Chiefs QB - 99 Patrick Mahomes
100%
49ers RB - 99 Christian Mccaffrey
99%
Vikings WR - 99 Justin Jefferson
99%
Ravens QB - 98 Lamar Jackson
99%
Dolphins WR - 98 Tyreek Hill
98%
Browns RE - 98 Myles Garrett
97%
Steelers LOLB - 98 TJ Watt
96%
Bengals QB - 94 Joe Burrow
95%
Bills QB - 93 Josh Allen
95%
Jaguars RE - 92 Josh Hines-Allen
95%
Cowboys LOLB - 98 Micah Parsons
95%
Browns RB - 94 Nick Chubb
89%
Raiders LOLB -96 Maxx Crosby
86%
Broncos CB - 97 Patrick Surtain II
86%
Jets CB - 96 Sauce Gardner
86%
Commanders WR - 92 Terry McLaurin
85%
Eagles RT - 97 Lane Johnson
84%
Giants DT - 97 Dexter Lawrence II
83%
Packers CB - 93 Jaire Alexander
83%
Seahawks WR - 89 DK Metcalf
82%
Falcons FS - 97 Jessie Bates
80%
Lions RT - 96 Penei Sewell
76%
Cardinals SS - 91 Budda Baker
72%
Buccaneers LT - 95 Tristan Wirfs
70%
Texans LT - 95 Laremy Tunsil
68%
Saints MLB - 91 Demario Davis
62%
Colts LG - 91 Quenton Nelson
61%
Titans CB - 89 Ljarius Sneed
49%
Falcons RG - 93 Chris Lindstrom
45%
Panthers RE - 88 Derrick Brown
41%
Bears FS - 89 Kevin Byard III
37%
Chargers LT - 91 Rashawn Slater
37%
No matching quizzes found
Score Distribution
Percent of People with Each Score
Percentile by Number Answered
Your Score History
You have not taken this quiz